Numbers to 300 - Statistics

General Stats
  • This quiz has been taken 77 times
  • The average score is 158 of 300
Answer Stats
Answer % Correct
2
100%
3
100%
6
100%
8
100%
9
100%
1
93%
10
93%
11
93%
12
93%
14
93%
4
93%
5
93%
7
93%
13
87%
20
87%
21
87%
22
87%
23
87%
26
87%
33
87%
45
87%
56
87%
67
87%
100
80%
123
80%
15
80%
16
80%
17
80%
18
80%
19
80%
24
80%
25
80%
27
80%
28
80%
29
80%
30
80%
31
80%
32
80%
34
80%
49
80%
66
80%
78
80%
79
80%
80
80%
89
80%
98
80%
99
80%
101
73%
102
73%
103
73%
104
73%
105
73%
106
73%
107
73%
108
73%
109
73%
112
73%
35
73%
36
73%
37
73%
38
73%
39
73%
40
73%
41
73%
42
73%
43
73%
44
73%
46
73%
47
73%
48
73%
50
73%
51
73%
52
73%
53
73%
54
73%
55
73%
57
73%
58
73%
59
73%
60
73%
61
73%
62
73%
63
73%
64
73%
65
73%
68
73%
69
73%
70
73%
71
73%
72
73%
73
73%
74
73%
75
73%
76
73%
77
73%
81
73%
82
73%
83
73%
84
73%
85
73%
86
73%
87
73%
88
73%
90
73%
91
73%
92
73%
93
73%
94
73%
95
73%
96
73%
97
73%
110
67%
111
67%
113
67%
114
67%
115
67%
116
67%
117
67%
118
67%
119
67%
120
67%
121
67%
122
67%
124
67%
125
67%
126
67%
127
60%
128
60%
129
60%
130
60%
131
60%
132
60%
133
60%
134
60%
135
60%
136
60%
137
60%
138
60%
139
60%
141
60%
142
60%
143
60%
144
60%
145
60%
146
60%
147
60%
148
60%
149
60%
151
60%
140
53%
152
53%
150
47%
153
47%
154
47%
155
47%
156
47%
157
47%
200
47%
202
40%
223
40%
230
40%
232
40%
234
40%
258
40%
158
33%
159
33%
160
33%
161
33%
162
33%
163
33%
164
33%
165
33%
166
33%
167
33%
168
33%
169
33%
170
33%
171
33%
172
33%
173
33%
174
33%
175
33%
176
33%
177
33%
178
33%
179
33%
180
33%
181
33%
182
33%
183
33%
184
33%
185
33%
186
33%
187
33%
188
33%
189
33%
190
33%
191
33%
192
33%
193
33%
194
33%
195
33%
196
33%
197
33%
198
33%
199
33%
201
33%
203
33%
204
33%
205
33%
206
33%
207
33%
208
33%
209
33%
215
33%
231
33%
240
33%
245
33%
250
33%
293
33%
294
33%
295
33%
296
33%
297
33%
298
33%
299
33%
300
33%
210
27%
211
27%
212
27%
213
27%
214
27%
216
27%
217
27%
218
27%
219
27%
220
27%
221
27%
222
27%
224
27%
225
27%
226
27%
227
27%
228
27%
229
27%
233
27%
235
27%
236
27%
237
27%
238
27%
239
27%
241
27%
242
27%
243
27%
244
27%
246
27%
247
27%
248
27%
249
27%
251
27%
252
27%
253
27%
254
27%
255
27%
256
27%
257
27%
259
27%
260
27%
261
27%
262
27%
263
27%
264
27%
265
27%
266
27%
267
27%
268
27%
269
27%
270
27%
271
27%
272
27%
273
27%
274
27%
275
27%
276
27%
277
27%
278
27%
279
27%
280
27%
281
27%
282
27%
283
27%
284
27%
285
27%
286
27%
287
27%
288
27%
289
27%
290
27%
291
27%
292
27%
No matching quizzes found
Score Distribution
Percent of People with Each Score
Percentile by Number Answered
Your Score History
You have not taken this quiz